| 000 | 00481nam a2200193Ia 4500 | ||
|---|---|---|---|
| 008 | 170918s9999 xx 000 0 und d | ||
| 020 | _a9780439632409 | ||
| 050 | _bW873 1985 | ||
| 100 | _aWood, Audrey | ||
| 245 | _aKing Bidgood's in the bathtub / | ||
| 245 | _cAudrey Wood ; illustrated by Don Wood. | ||
| 260 | _aNew York : | ||
| 260 | _bScholastic, | ||
| 260 | _c1985 | ||
| 300 | _aunpaged : | ||
| 300 | _bcolored illustration ; | ||
| 300 | _c27cm. | ||
| 500 | _a310 | ||
| 999 |
_c341228 _d341228 |
||